000 00927cam a2200265 a 4500
999 _c6010
_d6010
001 1237603
003 OSt
005 20260126152506.0
008 230807s2023 nyu d 000 0 eng d
020 _a9780316153621
_q(pbk.)
040 _aICrlF
_beng
_eaacr2
_cHT
_dHT
_dVYG
_dYDX
_dBDX
_dHQD
_dEHH
_dYDX
_dOCLCO
_dIHX
_dOCLCF
_dCHILD
_dTWTNM
_dKH8
042 _anbic
082 _aFIC GRA
100 1 _aGrace, Adalyn,
_eauthor.
245 1 0 _aBelladonna /
_cAdalyn Grace.
250 _a1st trade pbk. ed.
260 _aNew York :
_bLittle, Brown and Company,
_c2023.
300 _a408 p. ;
_c21 cm.
520 _aNineteen-year-old orphan Signa Farrow confronts Death--and her own deathly powers--when she investigates the mysterious murder of a relative at the Thorn Grove estate.
650 0 _aOrphans
_vFiction.
650 0 _aGhosts
_vFiction.
650 0 _aHaunted houses
_vFiction.
650 0 _aDeath
_vFiction.
942 _2ddc
_cFIC